|
|
|
|
| LEADER |
01286nam^a22003012a^4500 |
| 001 |
000842540 |
| 003 |
CZ BrMZK |
| 005 |
20070223133538.0 |
| 007 |
ta |
| 008 |
070222s1977 xr er|||||||||||cze d |
| 015 |
|
|
|a cnb000105279
|
| 035 |
|
|
|a (OCoLC)4983850
|
| 040 |
|
|
|a ABA001
|b cze
|c ABA001
|d ABA001
|d BOA001
|
| 100 |
1 |
|
|a Bednářová, Emilie,
|d 1907-1998
|7 jk01120822
|4 aut
|
| 245 |
1 |
0 |
|a Arkány vzpomínek /
|c Emilie Bednářová ; 12 kresbami vyzdobila, vazbu a předsádky navrhla Ludmila Jiřincová ; pozn. naps. Jiří Kutina
|
| 250 |
|
|
|a 1. vyd.
|
| 260 |
|
|
|a Praha :
|b Supraphon,
|c 1977
|e (Vimperk :
|f Stráž)
|
| 300 |
|
|
|a 109 s. :
|b obr. ;
|c 8 cm
|
| 490 |
1 |
|
|a Lyra Pragensis ;
|v sv. 25
|
| 520 |
2 |
|
|a Poetická próza, v níž autorka načrtává portrét svého manžela, básníka a překladatele Kamila Bednáře.
|
| 700 |
1 |
|
|a Jiřincová, Ludmila,
|d 1912-1994
|7 jk01051993
|4 ill
|
| 700 |
1 |
|
|a Kutina, Jiří,
|d 1926-
|7 jk01071107
|4 wfw
|
| 830 |
|
0 |
|a Lyra Pragensis (Supraphon)
|0 s
|
| 856 |
4 |
1 |
|u http://www.digitalniknihovna.cz/mzk/uuid/uuid:d0bb7590-3403-11e4-8e0d-005056827e51
|y Digitalizovaný dokument
|x NDK
|
| 910 |
|
|
|a BOA001
|b S-0789.732
|
| 990 |
|
|
|a BK
|
| 991 |
|
|
|b 200702
|
| 996 |
6 |
|
|b 2619233253
|c S-0789.732
|l MZK
|r Sklad / do 24 hodin
|n 2
|w 000842540
|u 000010
|a 1
|e BOA001
|j MZK50
|s P
|